Plant analysis: As a guide to the nutrient requirements of temperate and tropical crops (Record no. 39767)

MARC details
000 -LEADER
fixed length control field 00490nam a2200157Ia 4500
082 ## - DEWEY DECIMAL CLASSIFICATION NUMBER
Classification number 633(213.5):631.811
Item number MAR
245 #0 - TITLE STATEMENT
Title Plant analysis: As a guide to the nutrient requirements of temperate and tropical crops
260 ## - PUBLICATION, DISTRIBUTION, ETC. (IMPRINT)
Place of publication Calcutta
Name of publisher SBA
Year of publication 1984
650 ## - SUBJECT ADDED ENTRY--TOPICAL TERM
Topical Term Leaf analysis
650 ## - SUBJECT ADDED ENTRY--TOPICAL TERM
Topical Term Plant analysis
650 ## - SUBJECT ADDED ENTRY--TOPICAL TERM
Topical Term Rubber plants sampling procedure
650 ## - SUBJECT ADDED ENTRY--TOPICAL TERM
Topical Term Tropical crop nutrition
700 ## - ADDED ENTRY--PERSONAL NAME
Personal name MARTIN-PREVAL, P
942 ## - ADDED ENTRY ELEMENTS (KOHA)
Koha item type Books
Holdings
Withdrawn status Lost status Damaged status Not for loan Home library Current library Date acquired Full call number Accession Number Koha item type
        RRII Library RRII Library 16/12/2021 633(213.5):631.811 MAR 20086 Books